00334nam a2200133Ia 4500008004100000020001500041041001200056082001600068100002000084245004700104260002500151300000800176650001600184221030s9999 xx 000 0 und d a0074601423 aEnglish a105.23bGot aB. S. Gottfried 0aProgramming With Basiccby B. S. Gottfried bTMHaNew Delhic1999 a386 aBE Computer